Report Of The Finance Committee On Food, Agriculture And Cocoa Affairs On The Ratification Of Regulation (C/REG.4/05/2008) On Harmonization Of The Rules Governing Quality Control, Certification And Marketing Of Plant Seeds And Seedlings And C/REG.13/12/2012 Relating To Fertilizer Quality Control In Ecowas Region 2016. (Record no. 4437)

MARC details
000 -LEADER
fixed length control field 00934nam a22001697a 4500
003 - CONTROL NUMBER IDENTIFIER
control field OSt
005 - DATE AND TIME OF LATEST TRANSACTION
control field 20241107123853.0
008 - FIXED-LENGTH DATA ELEMENTS--GENERAL INFORMATION
fixed length control field 240902b |||||||| |||| 00| 0 eng d
041 ## - LANGUAGE CODE
Language code of text/sound track or separate title English
082 ## - DEWEY DECIMAL CLASSIFICATION NUMBER
Classification number CR/RRH/16 Acc.No.9785
110 ## - MAIN ENTRY--CORPORATE NAME
Corporate name or jurisdiction name as entry element Parliament Of Ghana
245 ## - TITLE STATEMENT
Title Report Of The Finance Committee On Food, Agriculture And Cocoa Affairs On The Ratification Of Regulation (C/REG.4/05/2008) On Harmonization Of The Rules Governing Quality Control, Certification And Marketing Of Plant Seeds And Seedlings And C/REG.13/12/2012 Relating To Fertilizer Quality Control In Ecowas Region 2016.
260 ## - PUBLICATION, DISTRIBUTION, ETC.
Place of publication, distribution, etc. Accra
Name of publisher, distributor, etc. Sixth Parliament Of The Fourth Republic Of Ghana
Date of publication, distribution, etc. June, 2016
300 ## - PHYSICAL DESCRIPTION
Extent 5p.;
653 ## - INDEX TERM--UNCONTROLLED
Uncontrolled term 1. Harmonization Of The Rules Governing Quality Control, Certification And Marketing Of Plant Seeds And Seedlings 2. C/REG.13/12/2012 Relating To Fertilizer Quality Control In Ecowas Region 2016.
942 ## - ADDED ENTRY ELEMENTS (KOHA)
Source of classification or shelving scheme Dewey Decimal Classification
Koha item type Reports
Suppress in OPAC No
Holdings
Withdrawn status Lost status Source of classification or shelving scheme Damaged status Not for loan Home library Current library Shelving location Date acquired Total checkouts Full call number Date last seen Copy number Price effective from Koha item type
    Dewey Decimal Classification     Main Library Main Library Open Shelves 05/11/2024   CR/RRH/16 Acc.No. 9785 05/11/2024 1 05/11/2024 Reports
©2026  Parliament of Ghana Library - All rights reserved